Statistiques concernant Pays les plus proches d'Alaska

Cliquez ici pour prendre le quiz!

Statistiques générales

  • Ce quiz a été pris 75 fois
  • Le résultat moyen est 15 sur 20

Statistiques - réponses

kmPays% Correct
0Canada
100%
4Russie
99%
2689Mexique
96%
2677Chine
93%
3291Corée du Nord
93%
2195Japon
92%
3703Corée du Sud
92%
2135Danemark
(Groenland)
85%
3740Mongolie
85%
4940France
(Saint-Pierre-et-Miquelon)
79%
4163Islande
77%
5200Taïwan
76%
5169Royaume-Uni
75%
4170Norvège
75%
4407Suède
73%
4289Finlande
72%
5226Cuba
63%
5165Bahamas
56%
5251Micronésie
31%
4644Îles Marshall
30%

Distribution des résultats

Percentile par nombre de réponses

% des personnes avec chaque résultat

Votre développement - résultats

Vous n’avez pas pris ce quiz